00822nam a2200157Ia 4500008004100000020001800041050002800059100001900087245023500106250001000341260004100351300003200392500005400424650014000478700004600618120721s9999 xx 000 0 und d a970-26-0804-X aQA76.8I2992 B7518 2006 aBrey, Barry B. aMicropocesadores intel : arquitectura, programación e interfaz : 8086/8088, 80186/80188, 80286,80386, 80486, Pentium Procesador Pentium Pro, Pentium II, Pentium III y Pentium 4, Barry B. Brey ; tr. Alfonso Vidal Romero Elizondo a7a ed aMéxico : Pearson Educación, 2006 a900 p. : diagramas ; 25 cm. aTraducció de la obra: The inter microprocessors a1. Intel 80XXX microprocesadores de serie 2. Pentium (Micropocesadores) 3. Intel 8086 (Micropocesador) 4. Intel 8088 (Microprocesador) aI. Romero Elizondo, Alfonso Vidal, tr.Ì